Model airplane news

Bibliographic Details
Previous Title:Universal model airplane news
Format: Electronic Journal
Language:English
Published: Darien, Conn. etc. : Air Age
Subjects:
Online Access:Full text available from Research Library: 11/01/1997 to 05/31/2006

MARC

LEADER 00000nas a2200000 a 4500
001 ssj0008031
003 WaSeSS
005 20200512172242.0
006 m d
007 cr n
008 751101c19359999ctumr p s 0 a0eng c
010 |a  34029798   |z sn 78000719  
022 |l 0026-7295  |y 0026-7295 
032 |a 533470  |b USPS 
035 |a (WaSeSS)ssj0008031 
037 |b Model Airplane News, 632 Danbury Rd., Wilton, CT 06897 
040 |a MUL  |b eng  |c MUL  |d HUL  |d NSD  |d AIP  |d NSD  |d NST  |d NSD  |d NST  |d DLC  |d OCLCQ  |d DLC  |d UQ1  |d AZH  |d OCLCQ  |d CUS  |d OCLCF  |d OCLCO  |d I8M  |d GRR  |d OCLCO  |d OCLCQ  |d CSJ  |d OCLCO  |d OCLCQ  |d WaSeSS 
042 |a nsdp  |a pcc 
050 0 0 |a TL770  |b .A1U5 
130 0 |a Model airplane news (Darien, Conn.) 
210 0 |a Model airpl. news 
222 0 |a Model airplane news 
245 1 0 |a Model airplane news  |h [electronic resource]. 
260 |a Darien, Conn. etc. :  |b Air Age 
310 |a Monthly 
362 0 |a Vol. 12, no. 2 (Apr. 1935)- 
500 |a "With R/C boats & cars" (varies). 
506 |a License restrictions may limit access. 
650 0 |a Airplanes  |x Models  |v Periodicals. 
650 7 |a Airplanes  |x Models.  |2 fast  |0 (OCoLC)fst00803299 
650 7 |a Avion.  |2 rasuqam 
650 7 |a Modèle réduit.  |2 rasuqam 
655 0 |a Electronic journals. 
780 0 0 |t Universal model airplane news  |w (DLC) 99104279  |w (OCoLC)34415248 
850 |a AAP  |a DLC  |a MoKL  |a NIC 
856 4 0 |z Full text available from Research Library: 11/01/1997 to 05/31/2006  |u https://search.proquest.com/publication/34672